Statistics for Top 15 Celebrities Born In 1966

Click here to take the quiz!

General Stats

  • This quiz has been taken 119 times
    (77 since last reset)
  • The average score is 8 of 15

Answer Stats

Answer% Correct
Mike Tyson
90%
Gordon Ramsay
84%
Adam Sandler
80%
Helena Bonham Carter
74%
Halle Berry
66%
David Schwimmer
62%
Salma Hayek
61%
Janet Jackson
51%
John Cusack
34%
Rainn Wilson
34%
Rick Astley
33%
Cindy Crawford
31%
Kiefer Sutherland
31%
Luke Perry
25%
C Thomas Howell
5%

Score Distribution

Percentile by Number Answered

Percent of People with Each Score

Your Score History

You have not taken this quiz since the last reset